Enriching lives : overcoming vitamin and mineral malnutrition in developing countries

Na minha lista:
Detalhes bibliográficos
Formato: Livro
Idioma:Undetermined
Publicado em: Washington World Bank 1994
Assuntos:
Tags: Adicionar Tag
Sem tags, seja o primeiro a adicionar uma tag!
Thư viện lưu trữ: Trung tâm Học liệu Trường Đại học Cần Thơ
LEADER 00668nam a2200205Ia 4500
001 CTU_126311
008 210402s9999 xx 000 0 und d
082 |a 363.8 
082 |b E56 
245 0 |a Enriching lives : 
245 0 |b overcoming vitamin and mineral malnutrition in developing countries 
260 |a Washington 
260 |b World Bank 
260 |c 1994 
526 |a Dinh dưỡng cộng đồng 
526 |b NN682 
650 |a Malnutrition,Avitaminosis,Minerals in human nutrition 
650 |x Developing countries,Developing countries,Developing countries 
904 |i Nguyên 
980 |a Trung tâm Học liệu Trường Đại học Cần Thơ